000
00217nam a2200085Ia 4500
008
240321s9999 xx 000 0 und d
082
_a
721.832
_b
UPS
245
0
_a
UPSTAIRS downstairs
260
_b
The Images Publishing Group
999
_c
62265
_d
62265